Random US City To State - Multiple Choice - Statistics

General Stats
  • This quiz has been taken 69 times
  • The average score is 17 of 20
Answer Stats
Question Answer % Correct
Birmingham Alabama
100%
Tuscaloosa Alabama
100%
Anchorage Alaska
100%
Tucson Arizona
100%
Mesa Arizona
100%
Fort Smith Arkansas
100%
Springdale Arkansas
100%
Little Rock Arkansas
100%
Los Angeles California
100%
Bakersfield California
100%
Colorado Springs Colorado
100%
New Haven Connecticut
100%
Dover Delaware
100%
Jacksonville Florida
100%
Miami Florida
100%
Tampa Florida
100%
Savannah Georgia
100%
Macon Georgia
100%
Augusta Georgia
100%
Honolulu Hawaii
100%
East Honolulu Hawaii
100%
Boise Idaho
100%
Chicago Illinois
100%
Rockford Illinois
100%
Fort Wayne Indiana
100%
Evansville Indiana
100%
Davenport Iowa
100%
Wichita Kansas
100%
Topeka Kansas
100%
Louisville Kentucky
100%
Lexington Kentucky
100%
Lafayette Louisiana
100%
Shreveport Louisiana
100%
South Portland Maine
100%
Bangor Maine
100%
Worcester Massachusetts
100%
Cambridge Massachusetts
100%
Grand Rapids Michigan
100%
Ann Arbor Michigan
100%
Detroit Michigan
100%
Minneapolis Minnesota
100%
Kansas City Missouri
100%
Independence Missouri
100%
St. Louis Missouri
100%
Billings Montana
100%
Bozeman Montana
100%
Omaha Nebraska
100%
Lincoln Nebraska
100%
Reno Nevada
100%
Henderson Nevada
100%
Manchester New Hampshire
100%
Paterson New Jersey
100%
Albuquerque New Mexico
100%
Las Cruces New Mexico
100%
New York City New York
100%
Yonkers New York
100%
Buffalo New York
100%
Syracuse New York
100%
Greensboro North Carolina
100%
Durham North Carolina
100%
Bismarck North Dakota
100%
Cleveland Ohio
100%
Cincinnati Ohio
100%
Broken Arrow Oklahoma
100%
Eugene Oregon
100%
Philadelphia Pennsylvania
100%
Pittsburgh Pennsylvania
100%
East Providence Rhode Island
100%
Charleston South Carolina
100%
Sioux Falls South Dakota
100%
Knoxville Tennessee
100%
Dallas Texas
100%
Houston Texas
100%
Plano Texas
100%
Salt Lake City Utah
100%
Burlington Vermont
100%
Alexandria Virginia
100%
Seattle Washington
100%
Vancouver Washington
100%
Tacoma Washington
100%
Charleston West Virginia
100%
Huntington West Virginia
100%
Morgantown West Virginia
100%
Milwaukee Wisconsin
100%
Green Bay Wisconsin
100%
Cheyenne Wyoming
100%
Casper Wyoming
100%
Gillette Wyoming
100%
New Orleans Louisiana
75%
Duluth Minnesota
75%
Columbia South Carolina
75%
Fairbanks Alaska
67%
Juneau Alaska
67%
Sioux City Iowa
67%
Baltimore Maryland
67%
Las Vegas Nevada
67%
Newark New Jersey
67%
Fargo North Dakota
67%
Toledo Ohio
67%
Erie Pennsylvania
67%
Mount Pleasant South Carolina
67%
Nashville Tennessee
67%
South Burlington Vermont
67%
Surprise Arizona
50%
Fresno California
50%
Bridgeport Connecticut
50%
Stamford Connecticut
50%
Pearl City Hawaii
50%
Nampa Idaho
50%
Manhattan Kansas
50%
Bowling Green Kentucky
50%
Brooklyn Park Minnesota
50%
Gulfport Mississippi
50%
Derry New Hampshire
50%
Rio Rancho New Mexico
50%
Tulsa Oklahoma
50%
Beaverton Oregon
50%
Memphis Tennessee
50%
Biloxi Mississippi
40%
Joliet Illinois
33%
Southaven Mississippi
33%
Charlotte North Carolina
33%
Watertown South Dakota
33%
Spokane Washington
33%
Nashua New Hampshire
25%
Huntsville Alabama
0%
San Jose California
0%
Bear Delaware
0%
Wilmington Delaware
0%
Orlando Florida
0%
Meridian Idaho
0%
South Bend Indiana
0%
Cedar Rapids Iowa
0%
Lewiston Maine
0%
Frederick Maryland
0%
Missoula Montana
0%
Jersey City New Jersey
0%
Grand Forks North Dakota
0%
Norman Oklahoma
0%
Portland Oregon
0%
Hillsboro Oregon
0%
Allentown Pennsylvania
0%
Warwick Rhode Island
0%
Pawtucket Rhode Island
0%
Pierre South Dakota
0%
San Antonio Texas
0%
West Valley City Utah
0%
Virginia Beach Virginia
0%
Newport News Virginia
0%
Kenosha Wisconsin
0%
No matching quizzes found
Score Distribution
Percent of People with Each Score
Percentile by Number Answered
Your Score History
You have not taken this quiz